Sociedad y naturaleza. Una investigación sociológica.
Uloženo v:
| Hlavní autor: | |
|---|---|
| Médium: | Kniha |
| Jazyk: | angličtina |
| Vydáno: |
Buenos Aires, Argentina:
Depalma,
1945.
|
| Témata: | |
| Tagy: |
Přidat tag
Žádné tagy, Buďte první, kdo vytvoří štítek k tomuto záznamu!
|
MARC
| LEADER | 00000nam a2200000 a 4500 | ||
|---|---|---|---|
| 001 | UCS8807 | ||
| 003 | CL-VaPUC | ||
| 005 | 20230126082637.0 | ||
| 008 | 220617b1945 ||||| |||| 00| 0 eng d | ||
| 999 | |c 436099 |d 436097 | ||
| 040 | |c Pontificia Universidad Católica de Valparaíso | ||
| 082 | 0 | 4 | |a 301.7 KEL 1945 |2 21 |
| 100 | |a Kelsen, Hans |e autor |9 255837 | ||
| 245 | |a Sociedad y naturaleza. |b Una investigación sociológica. | ||
| 260 | |a Buenos Aires, Argentina: |b Depalma, |c 1945. | ||
| 300 | |a 634 páginas. | ||
| 583 | |a last modification |c 19971107 00:00:00 |k GC | ||
| 650 | |a Etnofilosofía. |9 870910 | ||
| 650 | |a Sociedades primitivas |9 266737 | ||
| 650 | |a Filosofía de la naturaleza. |9 265899 | ||
| 942 | |c BK |2 ddc | ||
| 952 | |0 0 |1 0 |2 ddc |4 0 |6 301_700000000000000_KEL_1945 |7 0 |8 C_AGB |9 583830 |a BIBDER |b BIBDER |d 2022-06-17 |e Donación |i 5651951 |o 301.7 KEL 1945 |p 5651951 |r 2023-01-25 |t 1 |w 2022-06-17 |y BK_US |k AGB | ||